Statistics for Random Knowledge questions that Everyone Should Know

Click here to take the quiz!

General Stats

  • This quiz has been taken 233 times
  • The average score is 13 of 22

Answer Stats

HintAnswer% Correct
What country are the pyramids of giza located in?Egypt
92%
How long is one presidential term in the United States?4 Years
90%
Where was the Berlin Wall located?Berlin, Germany
90%
What are the first three numbers of “pi”3.14
81%
What is the first element on the periodic table?Hydrogen
81%
In September 1st, 1939 Germany invaded which nation?Poland
77%
Who created Facebook?Mark Zuckerberg
73%
What is the approximate world population right now?7 Billion
72%
What is the capital of Australia?Canberra
66%
What automobile company makes the "corolla?"Toyota
66%
What is the capital of Denmark?Copenhagen
62%
What country did the United States fight against in the Revolutionary War?Great Britain
62%
What is the only man made structure that can be seen from space?The Great Wall of China
62%
What does the DC in “Washington DC,” stand for?District of Columbia
59%
What is the body of water that separates southern England from northern France, and joins the southern part of the North Sea to the Atlantic Ocean?The English Channel
50%
How many NFL teams are there currently?32
49%
Who is Batmans Butler?Alfred Pennyworth
48%
What is the tallest building in the world?Burj Khalifa
43%
What is the top flight of English Football (soccer) called?Premier League
43%
What is the most populated city in the world?Shanghai, China
43%
In 1863, president Abraham Lincoln issued a document that would free all slaves in southern states, what was this document?The Emancipation Proclamation
36%
What was the name of the ship was taken over by Somali Pirates in the movie, "Captain Phillips?"Maersk Alabama
3%

Score Distribution

Percentile by Number Answered

Percent of People with Each Score

Your Score History

You have not taken this quiz